[Event "AUTO-OPEN-1970"]
[Site "http://www.queenalice.com/game.php?id=772752"]
[Date "2010.5.8"]
[Round "1"]
[White "dlmathias"]
[Black "LOMBARDY"]
[Result "0-1"]
[WhiteElo "1501"]
[BlackElo "1884"]

1. d4 Nf6 2. Nc3 d6 3. d5 g6 4. Nf3 Bg7 5. e4 O-O 6. e5 dxe5 7. Nxe5 e6 8. dxe6
Qxd1+ 9. Nxd1 Bxe6 10. Bc4 Nd5 11. Bxd5 Bxd5 12. Ne3 Be6 13. O-O Bxe5 14. f4 Bd4
15. c3 Bb6 16. b4 Nd7 17. Ba3 Bxe3+ 18. Kh1 Bc4 19. Rfd1 Nf6 20. Re1 Rfe8 21. h4
Bxf4 22. Bc1 Rxe1# 0-1

[Event "AUTO-OPEN-1970"]
[Site "http://www.queenalice.com/game.php?id=772779"]
[Date "2010.5.8"]
[Round "1"]
[White "dlmathias"]
[Black "danieldignet"]
[Result "0-1"]
[WhiteElo "1497"]
[BlackElo "1619"]

1. e4 e5 2. d4 exd4 3. Qxd4 Nc6 4. Qd5 Nf6 5. Bg5 Be7 6. Bxf6 Bxf6 7. Nc3 O-O 8.
Nf3 Re8 9. e5 Nb4 10. O-O-O Nxd5 11. Nxd5 Bxe5 12. Re1 Bf6 13. h4 Rxe1+ 14. Nxe1
Bxh4 15. g3 Bg5+ 16. Kb1 c6 17. f4 cxd5 18. fxg5 Qxg5 19. Nd3 b6 0-1

[Event "AUTO-OPEN-1970"]
[Site "http://www.queenalice.com/game.php?id=772780"]
[Date "2010.5.8"]
[Round "1"]
[White "danieldignet"]
[Black "dlmathias"]
[Result "1-0"]
[WhiteElo "1646"]
[BlackElo "1718"]

1. b3 Nc6 2. Bb2 e5 3. e4 Bb4 4. Nf3 Qf6 5. Bb5 Nge7 6. O-O Qg6 7. Nxe5 Nxe5 8.
Bxe5 O-O 9. Nc3 Bxc3 10. Bxc3 Qxe4 11. Bd3 Qc6 12. Bb2 b5 13. b4 Nd5 14. Qg4 Qd6
15. Qxg7# 1-0

[Event "PEQUENAS COISAS"]
[Site "http://www.queenalice.com/game.php?id=772937"]
[Date "2010.5.8"]
[Round "-"]
[White "perucona"]
[Black "dlmathias"]
[Result "1-0"]
[WhiteElo "1543"]
[BlackElo "1353"]

1. e4 e5 2. d4 Nc6 3. d5 Nd4 4. c3 Nb5 5. c4 Nd6 6. Qe2 f5 7. exf5 Qf6 8. Qf3 e4
9. Qf4 g5 10. Qg4 Qxf5 11. Qxf5 Nxf5 12. Na3 Nf6 13. Bxg5 Ng4 14. h3 Bxa3 15.
bxa3 Ne5 16. Bf4 Nxc4 17. Bxc4 Rf8 18. f3 e3 19. g4 d6 20. Ke2 Nd4+ 21. Kxe3
Nc2+ 22. Kd2 Nxa1 23. Ne2 c6 24. dxc6 1-0

[Event "JULIET II"]
[Site "http://www.queenalice.com/game.php?id=772951"]
[Date "2010.5.8"]
[Round "-"]
[White "rogeriooliveira"]
[Black "dlmathias"]
[Result "1-0"]
[WhiteElo "1580"]
[BlackElo "1297"]

1. e4 e5 2. d4 Nc6 3. d5 Nd4 4. c3 Nb5 5. c4 Qh4 6. cxb5 Bb4+ 7. Bd2 Qxe4+ 8.
Qe2 Qxd5 9. Qd3 Nf6 10. Qxd5 Nxd5 11. Nc3 Nxc3 12. bxc3 Ba5 13. O-O-O d6 14. Bc4
f6 15. Nf3 Bg4 16. h3 Bf5 17. Rhe1 O-O-O 18. Nh4 d5 19. Bf1 d4 20. c4 Bb6 21.
Nxf5 Rhe8 22. Nxg7 Re7 23. Nf5 Red7 24. Bb4 1-0

[Event "Challenge"]
[Site "http://www.queenalice.com/game.php?id=777581"]
[Date "2010.5.19"]
[Round "-"]
[White "Rodrigo_Cruzeiro"]
[Black "dlmathias"]
[Result "1-0"]
[WhiteElo "1720"]
[BlackElo "1561"]

1. e4 Nc6 2. Nf3 e5 3. Nc3 Nf6 4. Bb5 Bb4 5. Nd5 Nxe4 6. Bxc6 a5 7. Ba4 c6 8.
Nxb4 Nc5 9. Nxe5 O-O 10. Nbd3 Nxa4 11. b3 d6 12. Ng4 Re8+ 13. Ne3 Qb6 14. bxa4
Bf5 15. Qe2 Re4 16. Bb2 Rae8 17. O-O Rxa4 18. Qf3 Bxd3 19. cxd3 Qxb2 20. Nc4 d5
21. Nxb2 Ra3 22. Qf5 Re6 23. Qf4 Re2 24. Qb8+ 1-0

[Event "Challenge"]
[Site "http://www.queenalice.com/game.php?id=779708"]
[Date "2010.5.23"]
[Round "-"]
[White "vasileC"]
[Black "dlmathias"]
[Result "1-0"]
[WhiteElo "1660"]
[BlackElo "1451"]

1. e4 c5 2. Nc3 Nf6 3. e5 Ng4 4. Qxg4 d5 5. Qa4+ Bd7 6. Bb5 a6 7. Bxd7+ Nxd7 8.
Nxd5 e6 9. Ne3 b5 10. Qe4 f5 11. Nxf5 exf5 12. Qc6 Rc8 13. Qxa6 Nxe5 14. Qxb5+
Rc6 15. d4 Qxd4 16. Ne2 Nd3+ 17. Qxd3 Qxd3 18. cxd3 g6 19. Nc3 Bg7 20. O-O Bxc3
21. bxc3 1-0

[Event "SIERRA"]
[Site "http://www.queenalice.com/game.php?id=787341"]
[Date "2010.6.8"]
[Round "-"]
[White "rogeriooliveira"]
[Black "dlmathias"]
[Result "1-0"]
[WhiteElo "1575"]
[BlackElo "1304"]

1. e4 c6 2. d4 d5 3. e5 Bf5 4. Bd3 e6 5. Bxf5 exf5 6. Nf3 g6 7. O-O f6 8. exf6
Nxf6 9. Bg5 Be7 10. Bxf6 Bxf6 11. Qe2+ Be7 12. Re1 O-O 13. Nc3 1-0

[Event "SIERRA V"]
[Site "http://www.queenalice.com/game.php?id=787345"]
[Date "2010.6.8"]
[Round "-"]
[White "rogeriooliveira"]
[Black "dlmathias"]
[Result "1-0"]
[WhiteElo "1569"]
[BlackElo "1313"]

1. e4 c5 2. d4 cxd4 3. Qxd4 Nc6 4. Qd5 e6 5. Qd3 Ne5 6. Qd2 Nf6 7. Nc3 Bb4 8.
Qe2 Qa5 9. Bd2 b6 10. Nf3 O-O 11. a3 Ba6 12. Qd1 Nc4 13. b3 1-0

[Event "TANGO IV"]
[Site "http://www.queenalice.com/game.php?id=788761"]
[Date "2010.6.12"]
[Round "-"]
[White "rogeriooliveira"]
[Black "dlmathias"]
[Result "1-0"]
[WhiteElo "1563"]
[BlackElo "1324"]

1. e4 Nf6 2. e5 Nd5 3. c4 Nb6 4. c5 Nd5 5. d4 d6 6. cxd6 cxd6 7. exd6 exd6 8.
Nc3 Nxc3 9. Qc2 Ne4 10. f3 Ng5 11. f4 Ne6 12. d5 1-0

[Event "TANGO VI"]
[Site "http://www.queenalice.com/game.php?id=788764"]
[Date "2010.6.12"]
[Round "-"]
[White "rogeriooliveira"]
[Black "dlmathias"]
[Result "1-0"]
[WhiteElo "1556"]
[BlackElo "1337"]

1. e4 d5 2. e5 c5 3. d4 Bf5 4. dxc5 Nc6 5. Bd3 g6 6. Bxf5 Nxe5 7. Nf3 gxf5 8.
Nxe5 Qc8 9. O-O Qxc5 10. Be3 Qd6 11. Nf3 e5 12. Nc3 1-0

[Event "Challenge"]
[Site "http://www.queenalice.com/game.php?id=792390"]
[Date "2010.6.19"]
[Round "-"]
[White "mbacellar"]
[Black "dlmathias"]
[Result "1-0"]
[WhiteElo "1373"]
[BlackElo "1388"]

1. g3 Nf6 2. Bg2 g6 3. e4 Nxe4 4. Bxe4 f5 5. Bf3 e5 6. d3 d6 7. b3 Nc6 8. Bb2 e4
9. dxe4 Ne5 10. Qd4 Nc6 11. Qxh8 1-0

[Event "Let's Play Chess!"]
[Site "http://www.queenalice.com/game.php?id=1055979"]
[Date "2012.5.8"]
[Round "-"]
[White "dlmathias"]
[Black "FerreiraAzevedo"]
[Result "0-1"]
[WhiteElo "1290"]
[BlackElo "2659"]

1. d4 Nf6 2. c4 d5 3. cxd5 c6 4. dxc6 Nxc6 5. Nf3 e5 6. Nxe5 Nxe5 7. dxe5 Qxd1+
8. Kxd1 Ng4 9. Ke1 Bc5 10. e3 Nxe5 11. Nc3 O-O 12. a3 Rd8 13. b4 Be7 14. Bb2 Bf6
15. Rc1 Bf5 16. e4 Be6 17. f4 Nd3+ 18. Bxd3 Rxd3 19. e5 Bd8 20. Rf1 Bb6 21. Rf3
Rxf3 22. gxf3 Be3 23. Rd1 Bxf4 24. Nb5 Bxh2 25. Nc7 Bg3+ 26. Kf1 Bh3+ 27. Ke2
Rc8 28. Rc1 f6 29. Rh1 Bd7 30. Nd5 Rc2+ 31. Kd3 Rxb2 32. Ra1 Bb5+ 33. Kc3 Bxe5#
0-1

[Event "AUTO-INT-2316"]
[Site "http://www.queenalice.com/game.php?id=1057377"]
[Date "2012.5.8"]
[Round "1"]
[White "solzhenitsyn"]
[Black "dlmathias"]
[Result "1-0"]
[WhiteElo "1739"]
[BlackElo "1256"]

1. e4 c5 2. Nf3 d6 3. Nc3 e5 4. Bb5+ Nc6 5. O-O Bg4 6. Nd5 Qa5 7. Bxc6+ bxc6 8.
Nc3 Bxf3 9. Qxf3 Nf6 10. d3 Qa6 11. Bg5 d5 12. Bxf6 gxf6 13. Qxf6 d4 14. Qxe5+
Be7 15. Qxh8+ Bf8 16. Rfe1 dxc3 17. Qe5+ Be7 18. Qxc3 Qb6 19. Qb3 c4 20. Qxb6
axb6 21. dxc4 Bh4 22. g3 Bf6 23. e5 Bh8 24. f4 b5 25. cxb5 c5 26. a4 c4 27. a5
f5 28. b6 Kd8 29. b7 1-0

[Event "AUTO-INT-2316"]
[Site "http://www.queenalice.com/game.php?id=1057378"]
[Date "2012.5.8"]
[Round "1"]
[White "dlmathias"]
[Black "solzhenitsyn"]
[Result "0-1"]
[WhiteElo "1258"]
[BlackElo "1605"]

1. e4 c5 2. Nf3 e6 3. d4 cxd4 4. Nxd4 Bc5 5. c3 Bxd4 6. cxd4 Nf6 7. Nc3 O-O 8.
e5 Ne8 9. Bc4 Nc6 10. d5 Nxe5 11. Bf4 Nxc4 12. O-O e5 13. b3 Nb2 14. Qc2 exf4
15. Qxb2 f3 16. g3 d6 17. Ne4 Bf5 0-1

[Event "AUTO-INT-2316"]
[Site "http://www.queenalice.com/game.php?id=1057393"]
[Date "2012.5.8"]
[Round "1"]
[White "rocha"]
[Black "dlmathias"]
[Result "1-0"]
[WhiteElo "1556"]
[BlackElo "1283"]

1. e4 e5 2. Nf3 Nc6 3. c3 Nf6 4. d3 d5 5. Qe2 Bd6 6. Bg5 dxe4 7. dxe4 h6 8. Bd2
Be6 9. h3 Qd7 10. Bc1 Ne7 11. Nbd2 Ng6 12. g3 O-O-O 13. h4 Bc5 14. h5 Ng4 15.
Bg2 Ne7 16. Nxe5 Qe8 17. Nxg4 f5 18. Ne5 Bd6 19. exf5 Bxf5 20. Ndc4 1-0

[Event "AUTO-INT-2316"]
[Site "http://www.queenalice.com/game.php?id=1057394"]
[Date "2012.5.8"]
[Round "1"]
[White "dlmathias"]
[Black "rocha"]
[Result "0-1"]
[WhiteElo "1290"]
[BlackElo "1550"]

1. e4 e5 2. Nf3 d6 3. d4 Qe7 4. Nc3 c6 5. a4 f6 6. Be2 a6 7. O-O Be6 8. Be3 Nd7
9. d5 cxd5 10. Nxd5 Bxd5 11. exd5 b6 12. a5 b5 13. c4 Rb8 14. cxb5 axb5 15. a6
Nc5 16. Bxc5 dxc5 17. a7 Ra8 18. d6 Qd7 19. Ra5 c4 0-1